| 000 | 00912nam a2200229Ia 4500 | ||
|---|---|---|---|
| 003 | GCL | ||
| 008 | 140319s9999 xx 000 0 ara d | ||
| 040 |
_aGCL / _cGCL |
||
| 082 | 0 | 4 |
_a320.54 _bم ن |
| 100 | 1 | _aمركز دراسات الوحدة العربية | |
| 245 | 1 | 0 |
_aالنفط والوحدة العربية تأثير النفط العربى على مستقبل الوحدة العربية والعلاقات الاقتصادية العربية / _cمركز دراسات الوحدة العربية |
| 700 | 1 | _aمحمود عبدالفضيل | |
| 260 |
_a[S.N] : _bمركز دراسات الوحدة العربية ، _c1981 |
||
| 300 | _a241 ص | ||
| 490 | _a | ||
| 650 | 0 | 4 | _aالعالم العربى |
| 650 | 0 | 4 | _aالبترول |
| 650 | 0 | 4 | _aالعلاقات الاقتصادية |
| 650 | 0 | 4 | _aالوحدة العربية |
| 650 | 0 | 4 | _aالعمال المهاجرون |
| 942 |
_2ddc _cBK |
||
| 999 |
_c35318 _d35318 |
||